000 00673nam a2200289Ia 4500
005 20260324144742.0
008 008 260324s9999 xx 000 0 eng d
020 _a9780203404379
037 _aEBOOK
040 _aCRL
040 _beng
040 _cCRL
041 _2eng
041 _aeng
084 _qCRL
100 _aJohn B Burnham
_91220475
245 0 _aFamily Therapy
245 0 _bFirst Steps Towards a Systemic Approach
260 _bTaylor and Francis
260 _c1986
365 _a
365 _b230
856 _uhttp://www.taylorfrancis.com/books/9780203404379
942 _cEBOOK
999 _c1827483
_d1827483